Macedonia : a geographical district in the Southern part of Europe, a part of the Balkan Peninsula whose history has been altered in bad faith and for ulterior motives
Saved in:
| Main Author: | |
|---|---|
| Format: | Book |
| Language: | Greek |
| Published: |
Athens :
[χ.ό.],
1964
|
| Subjects: | |
| Tags: |
Add Tag
No Tags, Be the first to tag this record!
|
MARC
| LEADER | 00000cam a2200000 i 4500 | ||
|---|---|---|---|
| 001 | 1/88699 | ||
| 008 | 080612s1964 gre d | ||
| 035 | |l 10098175 | ||
| 040 | |a GR-MY-UA |b gre |e aacr | ||
| 041 | 0 | |a gre | |
| 082 | 0 | |a 938.94 | |
| 100 | 1 | |a Soteropoulos, Char. | |
| 245 | 1 | 0 | |a Macedonia : |b a geographical district in the Southern part of Europe, a part of the Balkan Peninsula whose history has been altered in bad faith and for ulterior motives / |c by Haral. Sotiropoulos ; National Union of Northern Greeks Epirots-Thracians-Macedonians |
| 260 | |a Athens : |b [χ.ό.], |c 1964 | ||
| 300 | |a 59 σ.; |c 24 εκ. | ||
| 650 | 0 | 0 | |a Macedonian question |x History. |
| 651 | 0 | |a Macedonia (Greece) |x History |x Autonomy and independence movements. | |
| 651 | 0 | |a Macedonia |x History. | |
| 852 | |a INST |b RHODES |c AKA |e 20080612 |h 938.94 SOT |p 005400027950 |q 005400027950 |t BK |y 0 | ||
| 901 | |a BIBL4-2008-2 | ||
| 909 | |a Ρ |b 150554 | ||
| 970 | |a ΚΟΖΑ |b ΜΑΡΙΑ |z 2008/06/12 | ||